00958cam 2200265 a 4500001000800000005001700008008004100025035002100066906004500087010001700132020002800149040001800177043002100195050002100216082002300237100002100260245006000281260005500341300004000396504006000436650005100496650005600547991006000603099002900663152444919940712170735.3900515s1990 wauab b s001 0 eng  9(DLC) 90012614 a7bcbccorignewd1eocipf19gy-gencatlg a 90012614  a0295970529 (alk. paper) aDLCcDLCdDLC an-cn-bcan-usp--00aE98.T6bS74 199000a730/.89/9707112201 aStewart, Hilary.10aTotem poles /cwritten & illustrated by Hilary Stewart. aSeattle :bUniversity of Washington Press,cc1990. a192 p. :bill., maps ;c24 x 26 cm. aIncludes bibliographical references (p. 185) and index. 0aTotem poleszNorthwest Coast of North America. 0aIndian sculpturezNorthwest Coast of North America. bc-GenCollhE98.T6iS74 1990p00017033414tCopy 1wBOOKS astewart-totem-1071457052